000 00860nam a22002657a 4500
003 OSt
005 20250718124547.0
008 240619t20112011it adk|br|||| 00| m|eng d
020 _a9788853010896
040 _aCO-JMCR
_bspa
_cCO-JMCR
_dCO-JMCR
_erda
041 0 _aeng
082 0 4 _aC
_bHOBp
100 1 _aHobart , Ruth,
_eautora
_943702
245 1 0 _aPeter and the Wolf /
_cRuth Hobart.
250 _aPrimera edición
260 _aItalia :
_bBlack cat ,
_c2011
_c©2011
300 _a31 páginas :
_bIlustraciones a color ;
_c24 cm
490 1 _aearlyreads.web ;
_vLevel 3.
546 _aTexto en ingles
650 1 4 _2JMCR
_aCuentos infantiles en ingles
_942544
650 2 4 _2JMCR
_aLiteratura para niños en ingles
_943703
650 3 4 _2JMCR
_aActividades para niños
_942536
700 1 _aRoberti, Alessandra ,
_eIlustrador
_943704
942 _2ddc
_cBK
999 _c30762
_d17146